| 000 | 00741cab a2200229 4500 | ||
|---|---|---|---|
| 001 | WB2811-09 | ||
| 008 | 090401t1992 xxu||||| |||| 00| 0 eng d | ||
| 035 | _a(Sirsi) u55618 | ||
| 041 | _aeng | ||
| 245 | _aExhibition centre in Essex | ||
| 260 | _c1992 | ||
| 350 | _a0 | ||
| 490 |
_aDaily Telegraph _v10 March 1992, 8(1) |
||
| 520 | _aThe London International Exhibition Centre is putting forward a plan to Havering LBC for an exibition centre four times the size of Earl`s Court to be built at Rainham. | ||
| 650 | _aEAST THAMES CORRIDOR | ||
| 650 | _aESSEX | ||
| 650 | _aEXHIBITION CENTRES | ||
| 650 | _aLONDON INTERNATIONAL EXHIBITION CENTRE | ||
| 690 | _aPROPERTY-PROPERTY DEVELOPMENT | ||
| 942 | _n0 | ||
| 948 | _c04/03/1997 | ||
| 999 |
_c33994 _d33994 |
||